| 000 | 00901cam a2200193 4500 | ||
|---|---|---|---|
| 001 | WB3808-34 | ||
| 008 | 020227n2002 000 0 eng u | ||
| 035 | _a(Sirsi) u116869 | ||
| 245 | _aVirtual valuation a step closer | ||
| 260 | _c2002 | ||
| 490 |
_aEstates Gazette _v(0208) 23 February 2002, 46(1) |
||
| 520 | _aA UK residential property information company, Hometrack.co.uk, plans to launch a desktop mortgage valuation system in June to compete with the US Countrywide Credit Industries' system. The Hometrack system needs less data than UK Valuation but it relies on the company's ability to update old valuations with market information. | ||
| 590 | _aWB | ||
| 650 | _aMANAGEMENT-BUSINESS MANAGEMENT-INFORMATION MANAGEMENT | ||
| 650 | _aMORTGAGE VALUATIONS | ||
| 650 | _aDATABASES | ||
| 690 | _aPROPERTY-RESIDENTIAL PROPERTY-RESIDENTIAL PROPERTY APPRAISAL AND VALUATION | ||
| 942 | _n0 | ||
| 999 |
_c69606 _d69606 |
||